Statistics for Dallas Cowboys 2015 Offense

Click here to take the quiz!

General Stats

  • This quiz has been taken 226 times
  • The average score is 8 of 11

Answer Stats

Hint Answer % Correct
QBTony Romo
100%
WR1Dez Bryant
94%
TEJason Witten
89%
LTTyron Smith
79%
RGZack Martin
76%
WR2Terrence Williams
75%
CTravis Frederick
68%
RTDoug Free
59%
LGRonald Leary
48%
RBDarren McFadden
47%
FBTyler Clutts
37%

Score Distribution

Percentile by Number Answered

Percent of People with Each Score

Your Score History

You have not taken this quiz